[Event "Schwarzach op-C 18th"]
[Site "Salzburg"]
[Date "2003.08.28"]
[Round "6.2"]
[White "Wirnitzer, Wilhelm"]
[Black "Tiroch, Rudolf"]
[Result "1-0"]
[WhiteElo "1646"]
[BlackElo "1539"]
[PlyCount "99"]
[EventDate "2003.08.23"]
[EventType "swiss"]
[EventRounds "9"]
[EventCountry "AUT"]
[SourceTitle "EXT 2004"]
[Source "ChessBase"]
[SourceDate "2003.11.25"]
[SourceVersion "1"]
[SourceVersionDate "2003.11.25"]
[SourceQuality "1"]

1. c4 e5 2. Nc3 Bc5 3. Nf3 d6 4. g3 Nc6 5. Bg2 Bf5 6. 0-0 Nb4 7. Nh4 Bc2 8. Qe1 Bg6 9. Bxb7 Rb8 10. Bg2 Nc2 11. Bc6+ Kf8 12. Nxg6+ hxg6 13. Qd1 Nxa1 14. e3 f5 15. d4 Ne7 16. Bg2 Bb6 17. d5 Bc5 18. Na4 Qe8 19. Nxc5 dxc5 20. b3 g5 21. Ba3 Nxb3 22. axb3 g4 23. f3 Qh5 24. Kf2 f4 25. Bxc5 Qxh2 26. exf4 exf4 27. Bxe7+ Kf7 28. Bh4 Rxh4 29. gxh4 Qg3+ 30. Kg1 Rh8 31. Qe1 Qxe1 32. Rxe1 g3 33. Ra1 Ra8 34. c5 Ke7 35. b4 a6 36. Bf1 Rb8 37. Ra4 a5 38. b5 Kf6 39. Rxa5 Ke5 40. Ra7 Kxd5 41. Rxc7 Re8 42. b6 Re3 43. b7 Rb3 44. c6 Kd4 45. Rc8 Ke3 46. b8Q Rxb8 47. Rxb8 Kxf3 48. Rb3+ Kg4 49. c7 Kxh4 50. c8Q 1-0

[Event "Schwarzach op-C 18th"]
[Site "Salzburg"]
[Date "2003.08.26"]
[Round "3.5"]
[White "Scheldt, Juergen"]
[Black "Wirnitzer, Wilhelm"]
[Result "0-1"]
[WhiteElo "1506"]
[BlackElo "1646"]
[PlyCount "98"]
[EventDate "2003.08.23"]
[EventType "swiss"]
[EventRounds "9"]
[EventCountry "AUT"]
[SourceTitle "EXT 2004"]
[Source "ChessBase"]
[SourceDate "2003.11.25"]
[SourceVersion "1"]
[SourceVersionDate "2003.11.25"]
[SourceQuality "1"]

1. d4 Nf6 2. c4 g6 3. Nc3 Bg7 4. Nf3 d6 5. e3 0-0 6. h3 c5 7. Be2 Na6 8. 0-0 Re8 9. a3 e6 10. Qc2 Qb6 11. Rd1 Bd7 12. b3 Rac8 13. Qd2 Bc6 14. Rb1 Red8 15. Nh2 Ne4 16. Nxe4 Bxe4 17. Bd3 Qc6 18. f3 Bxd3 19. Qxd3 d5 20. Bb2 cxd4 21. Bxd4 dxc4 22. Qxc4 Bxd4 23. Rxd4 Qxc4 24. Rxd8+ Rxd8 25. bxc4 b6 26. Rb3 Nc5 27. Rc3 f5 28. Nf1 Kf7 29. Kf2 e5 30. Ke2 Rc8 31. Nd2 Ke6 32. e4 f4 33. Kd1 h5 34. Kc2 g5 35. Kd1 Rg8 36. Ke2 g4 37. hxg4 hxg4 38. Kf2 gxf3 39. gxf3 Rd8 40. Ke2 Kf6 41. Nf1 Kg5 42. Nh2 Kh4 43. Ng4 Nxe4 44. Rd3 Ng3+ 45. Kd2 Rxd3+ 46. Kxd3 e4+ 47. Kd2 exf3 48. Nf2 Nf5 49. Ne4 Kh3 0-1